Fundamentals of Aircraft Combat Survivability Analysis and Design,2/e (Record no. 247656)

000 -LEADER
fixed length control field 00325 a2200133 4500
001 - CONTROL NUMBER
control field 12583
090 ## - LOCALLY ASSIGNED LC-TYPE CALL NUMBER (OCLC); LOCAL CALL NUMBER (RLIN)
-- 9596
-- 9596
100 ## - MAIN ENTRY--PERSONAL NAME
Personal name Ball,R.E
245 ## - TITLE STATEMENT
Title Fundamentals of Aircraft Combat Survivability Analysis and Design,2/e
250 ## - EDITION STATEMENT
Edition statement 2
260 ## - PUBLICATION, DISTRIBUTION, ETC.
Place of publication, distribution, etc. USA
Name of publisher, distributor, etc. AIAA Edu Serties, USA
Date of publication, distribution, etc. 2003
300 ## - PHYSICAL DESCRIPTION
Extent xiv, 889 p.
505 ## - FORMATTED CONTENTS NOTE
Formatted contents note CD/DVD
942 ## - ADDED ENTRY ELEMENTS (KOHA)
Institution code [OBSOLETE] NUST-CAE
Holdings
Withdrawn status Lost status Damaged status Not for loan Collection code Permanent Location Current Location Date acquired Total Checkouts Barcode Date last seen Price effective from Koha item type
          College of Aeronautical Engineering (CAE) College of Aeronautical Engineering (CAE) 04/03/2017   CAE78483 04/05/2017 04/05/2017 Book
          College of Aeronautical Engineering (CAE) College of Aeronautical Engineering (CAE) 04/03/2017   CAEN-3712 04/05/2017 04/05/2017 Book
© 2023 Central Library, National University of Sciences and Technology. All Rights Reserved.